Between two worlds : (Record no. 50040)
[ view plain ]
| 000 -LEADER | |
|---|---|
| campo de control de longitud fija | 02523cam a2200421 a 4500 |
| 001 - NÚMERO DE CONTROL | |
| campo de control | 63279 |
| 005 - FECHA Y HORA DE LA ÚLTIMA TRANSACCIÓN | |
| campo de control | 20230410115908.0 |
| 008 - DATOS DE LONGITUD FIJA--INFORMACIÓN GENERAL | |
| campo de control de longitud fija | 060523s2005 nyu 000 0aeng d |
| 035 ## - NÚMERO DE CONTROL DEL SISTEMA | |
| Número de control de sistema | 14386933 |
| 010 ## - NÚMERO DE CONTROL DE LA BIBLIOTECA DEL CONGRESO | |
| Número de control de LC | 2006276819 |
| 040 ## - FUENTE DE CATALOGACIÓN | |
| Centro catalogador/agencia de origen | OCO |
| Centro/agencia transcriptor | OCO |
| Centro/agencia modificador | BAKER |
| -- | COC |
| -- | VP@ |
| -- | BUR |
| -- | BOS |
| -- | DLC |
| 020 ## - NÚMERO INTERNACIONAL ESTÁNDAR DEL LIBRO | |
| Número Internacional Estándar del Libro | 1592402445 |
| 024 30 - IDENTIFICADOR DE OTROS ESTÁNDARES | |
| Número estándar o código | 9781592401567 |
| Códigos adicionales siguiendo el número estándar o código | 52600 |
| 035 ## - NÚMERO DE CONTROL DEL SISTEMA | |
| Número de control de sistema | (OCoLC)ocm61747925 |
| 042 ## - CÓDIGO DE AUTENTICACIÓN | |
| Código de autenticación | lccopycat |
| 043 ## - CÓDIGO DE ÁREA GEOGRÁFICA | |
| Código de área geográfica | a-iq--- |
| -- | n-us--- |
| 050 14 - SIGNATURA TOPOGRÁFICA DE LA BIBLIOTECA DEL CONGRESO | |
| Número de clasificación | HQ 1735 |
| Número de ítem | S161b 2005 |
| 100 1# - ENTRADA PRINCIPAL--NOMBRE DE PERSONA | |
| Nombre de persona | Salbi, Zainab. |
| 245 10 - MENCIÓN DEL TÍTULO | |
| Título | Between two worlds : |
| Resto del título | escape from tyranny : growing up in the shadow of Saddam / |
| Mención de responsabilidad, etc. | Zainab Salbi and Laurie Becklund. |
| 260 ## - PUBLICACIÓN, DISTRIBUCIÓN, ETC. | |
| Lugar de publicación, distribución, etc. | New York, N.Y. : |
| Nombre del editor, distribuidor, etc. | Gotham Books, |
| Fecha de publicación, distribución, etc. | c2005. |
| 300 ## - DESCRIPCIÓN FÍSICA | |
| Extensión | 296 p. ; |
| Dimensiones | 22 cm. |
| 520 ## - RESUMEN, ETC. | |
| Sumario, etc. | Zainab Salbi was eleven years old when her father was chosen to serve as Saddam Hussein's personal pilot, her family often forced to spend weekends with Saddam. As a palace insider, she offers a glimpse of life under a dictator and provides an intimate portrait of the man she was taught to call "uncle". She was asked to erase her memory as she heard of crimes she was not supposed to hear of, and witnessed her mother hiding her tears lest it upset Saddam. Her mother eventually sent her to America for an arranged marriage, to spare her from Saddam's affection, but the marriage turned out to be another world of tyranny and abuse. Despite extraordinary challenges, she started over as a champion of female victims of war, dedicating her life to speaking out on behalf of oppressed women around the world. But until now, she has never told her personal tale.--From publisher description. |
| 600 10 - PUNTO DE ACCESO ADICIONAL DE MATERIA--NOMBRE DE PERSONA | |
| Nombre de persona | Salbi, Zainab. |
| 650 #0 - PUNTO DE ACCESO ADICIONAL DE MATERIA--TÉRMINO DE MATERIA | |
| Término de materia o nombre geográfico como elemento de entrada | Women |
| Subdivisión geográfica | Iraq |
| Subdivisión general | Social conditions |
| Subdivisión cronológica | 20th century. |
| 600 10 - PUNTO DE ACCESO ADICIONAL DE MATERIA--NOMBRE DE PERSONA | |
| Nombre de persona | Hussein, Saddam, |
| Fechas asociadas al nombre | 1937-2006 |
| Subdivisión general | Friends and associates. |
| 650 #0 - PUNTO DE ACCESO ADICIONAL DE MATERIA--TÉRMINO DE MATERIA | |
| Término de materia o nombre geográfico como elemento de entrada | Abused women |
| Subdivisión geográfica | Iraq |
| Subdivisión de forma | Biography. |
| 650 #0 - PUNTO DE ACCESO ADICIONAL DE MATERIA--TÉRMINO DE MATERIA | |
| Término de materia o nombre geográfico como elemento de entrada | Arranged marriage |
| Subdivisión geográfica | United States. |
| 650 #0 - PUNTO DE ACCESO ADICIONAL DE MATERIA--TÉRMINO DE MATERIA | |
| Término de materia o nombre geográfico como elemento de entrada | Abused wives |
| Subdivisión geográfica | United States |
| Subdivisión de forma | Biography. |
| 650 #0 - PUNTO DE ACCESO ADICIONAL DE MATERIA--TÉRMINO DE MATERIA | |
| Término de materia o nombre geográfico como elemento de entrada | Mothers and daughters |
| Subdivisión geográfica | Iraq. |
| 651 #0 - PUNTO DE ACCESO ADICIONAL DE MATERIA--NOMBRE GEOGRÁFICO | |
| Nombre geográfico | Iraq |
| Subdivisión general | Politics and government |
| Subdivisión cronológica | 1979-1991. |
| 651 #0 - PUNTO DE ACCESO ADICIONAL DE MATERIA--NOMBRE GEOGRÁFICO | |
| Nombre geográfico | Iraq |
| Subdivisión general | Politics and government |
| Subdivisión cronológica | 1991-2003. |
| 700 1# - ENTRADA AGREGADA--NOMBRE PERSONAL | |
| Nombre de persona | Becklund, Laurie. |
| 856 42 - LOCALIZACIÓN Y ACCESO ELECTRÓNICOS | |
| Materiales especificados | Contributor biographical information |
| Identificador Uniforme de Recursos | <a href="http://www.loc.gov/catdir/enhancements/fy0720/2006276819-b.html">http://www.loc.gov/catdir/enhancements/fy0720/2006276819-b.html</a> |
| 856 42 - LOCALIZACIÓN Y ACCESO ELECTRÓNICOS | |
| Materiales especificados | Publisher description |
| Identificador Uniforme de Recursos | <a href="http://www.loc.gov/catdir/enhancements/fy0720/2006276819-d.html">http://www.loc.gov/catdir/enhancements/fy0720/2006276819-d.html</a> |
| 856 41 - LOCALIZACIÓN Y ACCESO ELECTRÓNICOS | |
| Materiales especificados | Sample text |
| Identificador Uniforme de Recursos | <a href="http://www.loc.gov/catdir/enhancements/fy0720/2006276819-s.html">http://www.loc.gov/catdir/enhancements/fy0720/2006276819-s.html</a> |
| 925 0# - | |
| -- | acquire |
| -- | 2 shelf copies |
| -- | policy default |
| 942 ## - ELEMENTOS DE ENTRADA SECUNDARIOS (KOHA) | |
| Fuente del sistema de clasificación o colocación | Clasificación de Library of Congress |
| Tipo de ítem Koha | |
| Estatus retirado | Estado de pérdida | Fuente del sistema de clasificación o colocación | Estado de daño | No para préstamo | Colección | Biblioteca de origen | Biblioteca actual | Ubicación en estantería | Fecha de adquisición | Serial enumeration / chronology | Signatura topográfica completa | Código de barras | Visto por última vez | Copia número | Tipo de ítem Koha |
|---|---|---|---|---|---|---|---|---|---|---|---|---|---|---|---|
| Clasificación de Library of Congress | Ciencias Sociales | Biblioteca Juan Bosch | Biblioteca Juan Bosch | Ciencias Sociales (3er. Piso) | 10/04/2023 | 1 | HQ 1735 S161b 2005 | 00000029113 | 24/10/2018 | 1 |
